|
|
|
|
| LEADER |
00844nab a2200217 i 4500 |
| 001 |
misc67608 |
| 005 |
20230207151540.0 |
| 008 |
220823s1976 hu o 0|| ger d |
| 040 |
|
|
|a SZTE Miscellanea Repozitórium
|b hun
|
| 041 |
|
|
|a ger
|
| 100 |
1 |
|
|a Johanson Lars
|
| 245 |
1 |
4 |
|a Zum Präsens der nordwestlichen und mittelasiatischen Türksprachen
|h [elektronikus dokumentum] /
|c Johanson Lars
|
| 260 |
|
|
|a Akadémiai Kiadó
|b Budapest
|c 1976
|
| 300 |
|
|
|a 57-74
|c 24 cm
|
| 490 |
0 |
|
|a Acta Orientalia Academiae Scientiarum Hungaricae : a Magyar Tudományos Akadémia orientalisztikai közleményei
|
| 561 |
|
|
|a Németh Gyula hagyaték
|
| 591 |
|
|
|a XKEK 1913;OA 6978
|
| 650 |
|
4 |
|a Bölcsészettudományok
|
| 650 |
|
4 |
|a Nyelvek és irodalom
|
| 695 |
|
|
|a Turkológia
|
| 856 |
4 |
0 |
|u http://misc.bibl.u-szeged.hu/67608/1/6978_oa.pdf
|z Dokumentum-elérés
|